Mathematics 11
1. Sets, 2. The real numbers, 3. Equations and inequalities, 4. Introduction to geometry,...
Na minha lista:
| Formato: | Livro |
|---|---|
| Idioma: | Undetermined |
| Publicado em: |
Toronto
W. J. Gage Limited
1964
|
| Assuntos: | |
| Tags: |
Adicionar Tag
Sem tags, seja o primeiro a adicionar uma tag!
|
| Thư viện lưu trữ: | Trung tâm Học liệu Trường Đại học Cần Thơ |
|---|
| LEADER | 00555nam a2200181Ia 4500 | ||
|---|---|---|---|
| 001 | CTU_1571 | ||
| 008 | 210402s9999 xx 000 0 und d | ||
| 082 | |a 510 | ||
| 082 | |b M426 | ||
| 245 | 0 | |a Mathematics 11 | |
| 245 | 0 | |c W. H. Baxter ... [et al.] | |
| 260 | |a Toronto | ||
| 260 | |b W. J. Gage Limited | ||
| 260 | |c 1964 | ||
| 520 | |a 1. Sets, 2. The real numbers, 3. Equations and inequalities, 4. Introduction to geometry,... | ||
| 650 | |a Mathematics,Toán học | ||
| 904 | |i Minh, Hải | ||
| 980 | |a Trung tâm Học liệu Trường Đại học Cần Thơ | ||